00179nam a22000737a 4500003000400000245006400004260002900068300000800097SGT aInternational Journal of Advances in Mechanical Engineering bSERIALS PUBLISHER c2020 a400